Το θέατρο στην Ερμούπολη τον εικοστό αιώνα : θέατρο - μουσική - παιδεία - κοινωνική ζωή
Saved in:
| Other Authors: | |
|---|---|
| Format: | Book |
| Language: | Greek |
| Published: |
[Ερμούπολη] :
Δήμος Ερμούπολης,
1995.
|
| Subjects: | |
| Tags: |
Add Tag
No Tags, Be the first to tag this record!
|
MARC
| LEADER | 00000cam a2200000 i 4500 | ||
|---|---|---|---|
| 001 | 1/73816 | ||
| 008 | 990323s1995 gr | ||| |||| ||gre|| | ||
| 020 | |a 9602355484 |q (σετ) | ||
| 035 | |l 10048902 | ||
| 040 | |a GR-MY-UA |b gre |e aacr | ||
| 041 | 0 | |a gre | |
| 082 | 7 | |a 792.09495 |2 (22) | |
| 245 | 0 | 3 | |a Το θέατρο στην Ερμούπολη τον εικοστό αιώνα : |b θέατρο - μουσική - παιδεία - κοινωνική ζωή / |c επιμέλεια: Μάνος Ελευθερίου. |
| 260 | |a [Ερμούπολη] : |b Δήμος Ερμούπολης, |c 1995. | ||
| 300 | |a 2 τ. ; |c 25 εκ. | ||
| 500 | |a τ.2: 1904-1906. | ||
| 650 | 0 | |a Theater |z Greece |z Hermoupolis |x History |y 20th century. | |
| 700 | 1 | |a Ελευθερίου, Μάνος, |d 1938-2018, |e edt | |
| 852 | |a INST |b RHODES |e 19990323 |h 792.09495 ΘΕΑ |p 005400005660 |q 005400005660 |t BK |y 0 | ||
| 901 | |a BIBL-1999-1 | ||
| 922 | |a 4ΕΛΗ |b 199805 |c ΚΠΣ/Ν | ||
| 970 | |z 2000/06 | ||